Search the Library Catalogue
| 000 -LEADER | |
|---|---|
| fixed length control field | 00655nam a2200229Ia 4500 |
| 008 - FIXED-LENGTH DATA ELEMENTS--GENERAL INFORMATION | |
| fixed length control field | 191130s2005##################000#0#eng## |
| 020 ## - INTERNATIONAL STANDARD BOOK NUMBER | |
| ISBN | 9780521671354 |
| 082 ## - DEWEY DECIMAL CLASSIFICATION NUMBER | |
| Classification number | 302.4 TIL |
| 100 ## - MAIN ENTRY--AUTHOR NAME | |
| Personal name | Tilly, Charles |
| 245 ## - TITLE STATEMENT | |
| Title | Trust and rule |
| Statement of responsibility, etc | Charles Tilly |
| 260 ## - PUBLICATION, DISTRIBUTION, ETC. (IMPRINT) | |
| Place of publication | Cambridge |
| Name of publisher | Cambridge University Press |
| Year of publication | c2005 |
| 300 ## - PHYSICAL DESCRIPTION | |
| Number of Pages | xiv, 196 p. ; 24 cm |
| 500 ## - GENERAL NOTE | |
| General note | Includes bibliographical references (p. 163-186) and index |
| 650 ## - SUBJECT ADDED ENTRY--TOPICAL TERM | |
| Topical Term | Democratization |
| Topical Term | Social networks |
| Topical Term | Trust |
| 991 ## - | |
| -- | 183535 |
| Withdrawn status | Lost status | Damaged status | Not for loan | Home library | Current library | Date acquired | Full call number | Accession Number | Price effective from | Koha item type |
|---|---|---|---|---|---|---|---|---|---|---|
| Anna Centenary Library | Anna Centenary Library | 09.10.2020 | 302.4 TIL | 103514 | 09.10.2020 | English Books | ||||
| Anna Centenary Library | Anna Centenary Library | 09.10.2020 | 302.4 TIL | 193910 | 09.10.2020 | English Books |